| 000 | 004420000a22001810004500 | ||
|---|---|---|---|
| 003 | MACL | ||
| 005 | 20160123143351.0 | ||
| 008 | 160123b xxu||||| |||| 00| 0 eng d | ||
| 040 |
_aMACL _cMACL |
||
| 041 | _aEnglish | ||
| 082 | _a530/SIN | ||
| 100 |
_aSingh, Dr Sardar _934316 |
||
| 245 | _aObjective Physics vol 2 | ||
| 260 |
_bCollege Book House _c2000 _aJaipur |
||
| 350 | _a297 | ||
| 650 |
_aPhysics _934317 |
||
| 942 |
_cBK _k530/SIN _2ddc |
||
| 999 |
_c31437 _d31437 |
||